Co znamená demokratizace značky?

Demokratizácia značky - výklad pojmu. Značky a sociálne siete.

Uložené v:
Podrobná bibliografia
Hlavný autor: Tomek, Gustav
Médium: Kapitola
Jazyk:Czech
Predmet:
Tagy: Pridať tag
Žiadne tagy, Buďte prvý, kto otaguje tento záznam!

MARC

LEADER 00000naa a2200000 4500
001 0205638
005 20231115070842.6
041 0 |a cze 
044 |a CZ 
245 1 0 |a Co znamená demokratizace značky?  |c Gustav Tomek 
520 |a Demokratizácia značky - výklad pojmu. Značky a sociálne siete. 
610 2 0 |a značky 
610 2 0 |a siete sociálne 
100 1 |a Tomek, Gustav